Provinz-Annalen von P. Electus von Laufenburg (III. Fortsetzung)
| Main Author: | |
|---|---|
| Format: | Print Article |
| Language: | German |
| Check availability: | HBZ Gateway |
| Interlibrary Loan: | Interlibrary Loan for the Fachinformationsdienste (Specialized Information Services in Germany) |
| Published: |
1937
|
| In: |
Collectanea Helvetico-Franciscana
Year: 1932, Volume: 1, Pages: 97-108 |
| IxTheo Classification: | KAH Church history 1648-1913; modern history KBC Switzerland KCA Monasticism; religious orders |
| Parallel Edition: | Electronic
|
MARC
| LEADER | 00000caa a22000002c 4500 | ||
|---|---|---|---|
| 001 | 1819771237 | ||
| 003 | DE-627 | ||
| 005 | 20250716131640.0 | ||
| 007 | tu | ||
| 008 | 221024s1937 xx ||||| 00| ||ger c | ||
| 035 | |a (DE-627)1819771237 | ||
| 035 | |a (DE-599)KXP1819771237 | ||
| 040 | |a DE-627 |b ger |c DE-627 |e rda | ||
| 041 | |a ger | ||
| 084 | |a 1 |2 ssgn | ||
| 100 | 1 | |a von Häggenschwil, Raphael |e VerfasserIn |4 aut | |
| 245 | 1 | 0 | |a Provinz-Annalen von P. Electus von Laufenburg (III. Fortsetzung) |
| 264 | 1 | |c 1937 | |
| 336 | |a Text |b txt |2 rdacontent | ||
| 337 | |a ohne Hilfsmittel zu benutzen |b n |2 rdamedia | ||
| 338 | |a Band |b nc |2 rdacarrier | ||
| 601 | |a Fortsetzung | ||
| 652 | |a KAH:KBC:KCA | ||
| 773 | 0 | 8 | |i Enthalten in |t Collectanea Helvetico-Franciscana |d Luzern : Provinzialiat d. Schweizer Kapuziner, 1932 |g 1A(1932/37), S. 97-108 |w (DE-627)166949809 |w (DE-600)352068-7 |w (DE-576)015396878 |7 nnas |
| 773 | 1 | 8 | |g volume:1 |g year:1932/37 |g pages:97-108 |
| 776 | 0 | 8 | |i Reproduziert als |a von Häggenschwil, Raphael |t Provinz-Annalen von P. Electus von Laufenburg (III. Fortsetzung) |d 1937 |w (DE-627)1930759614 |k Electronic |
| 935 | |a DTH5 | ||
| 951 | |a AR | ||
| ELC | |b 1 | ||
| ITA | |a 1 |t 1 | ||
| LOK | |0 000 xxxxxcx a22 zn 4500 | ||
| LOK | |0 001 4201283267 | ||
| LOK | |0 003 DE-627 | ||
| LOK | |0 004 1819771237 | ||
| LOK | |0 005 20221208142937 | ||
| LOK | |0 008 221024||||||||||||||||ger||||||| | ||
| LOK | |0 040 |a DE-Tue135 |c DE-627 |d DE-Tue135 | ||
| LOK | |0 092 |o n | ||
| LOK | |0 852 |a DE-Tue135 | ||
| LOK | |0 852 1 |9 00 | ||
| LOK | |0 935 |a ixzs | ||
| LOK | |0 936ln |0 1442044624 |a KAH | ||
| LOK | |0 936ln |0 1442049448 |a KCA | ||
| LOK | |0 936ln |0 1442044748 |a KBC | ||
| LOK | |0 939 |a 24-10-22 |b l01 | ||
| ORI | |a SA-MARC-ixtheoa001.raw | ||